000 00296nam a22001337a 4500
008 181107b xxu||||| |||| 00| 0 eng d
020 _a2900131923774
041 _aeng
080 _24th
_a201
100 _a24
101 _aTEO
245 _aThe Sacred Quest
_cCunningham, L.S
942 _2udc
_cBK
999 _c52231
_d52231